A hand book of Korea
Gardado en:
| Formato: | Libro |
|---|---|
| Idioma: | Undetermined |
| Publicado: |
Seoul, Korea
Korean Overseas Information Service Ministry of Culture and Information Seoul
1978
|
| Những chủ đề: | |
| Các nhãn: |
Engadir etiqueta
Sen Etiquetas, Sexa o primeiro en etiquetar este rexistro!
|
| Thư viện lưu trữ: | Trung tâm Học liệu Trường Đại học Cần Thơ |
|---|
| LEADER | 00493nam a2200169Ia 4500 | ||
|---|---|---|---|
| 001 | CTU_90634 | ||
| 008 | 210402s9999 xx 000 0 und d | ||
| 082 | |a 951.9 | ||
| 082 | |b H236 | ||
| 245 | 2 | |a A hand book of Korea | |
| 260 | |a Seoul, Korea | ||
| 260 | |b Korean Overseas Information Service Ministry of Culture and Information Seoul | ||
| 260 | |c 1978 | ||
| 650 | |a korea | ||
| 650 | |x handbook, manual, etc | ||
| 904 | |i Mai Loan | ||
| 980 | |a Trung tâm Học liệu Trường Đại học Cần Thơ | ||